Administración de Recursos Humanos (Registro nro. 2886)

Detalles MARC
000 -Cabecera
Campo de control de longitud fija 01112ata a2200409 4500
005 - Fecha y hora de la última transacción
Campo de control 20241106145923.0
008 - Elementos de longitud fija--Información general
Campo de control de longitud fija 150616b xxu||||| |||| 00| 0 spa d
041 ## - Idioma
Código de idioma
082 ## - Clasificación Decimal Dewey
Número de clasificación 658.3 M741a11
100 ## - Entrada principal--Autor personal
Nombre personal Mondy, Wayne
9 (RLIN) 385
245 ## - Título propiamente dicho
Título Administración de Recursos Humanos
260 ## - Pie de imprenta
Lugar de publicación, distribución, etc. México
Nombre del editor, distribuidor, etc. Pearson
Fecha de publicación, distribución, etc. 2010
300 ## - Descripción física
Extensión 491 páginas
650 ## - Materia general
Temática (materia general) ADMINISTRACIOÓN DE PERSONAL
650 ## - Materia general
Temática (materia general) RECURSOS HUMANOS
650 ## - Materia general
Temática (materia general) EDUCACIÓN DE PERSONAL
650 ## - Materia general
Temática (materia general) ÉTICA EMPRESARIAL
650 ## - Materia general
Temática (materia general) RESPONSABILIDAD SOCIAL
650 ## - Materia general
Temática (materia general) ANÁLISIS DE PUESTOS
650 ## - Materia general
Temática (materia general) RECLUTAMIENTO
650 ## - Materia general
Temática (materia general) GESTIÓN DE PERSONAL
650 ## - Materia general
Temática (materia general) EMPORESAS
650 ## - Materia general
Temática (materia general) SELECCIÓN DE PERSONAL
650 ## - Materia general
Temática (materia general) CAPACITACIÓN
650 ## - Materia general
Temática (materia general) NEGOCIOS
650 ## - Materia general
Temática (materia general) REMUNERACIÓN
650 ## - Materia general
Temática (materia general) PRESTACIONES
650 ## - Materia general
Temática (materia general) SEGURIDAD
650 ## - Materia general
Temática (materia general) SALUD
650 ## - Materia general
Temática (materia general) DERECHO LABORAL
650 ## - Materia general
Temática (materia general) RELACIONES LABORALES
650 ## - Materia general
Temática (materia general) DIVERSIDAD DE LA FUERZA DE TRABAJO
650 ## - Materia general
Temática (materia general) SINDICATOS
650 ## - Materia general
Temática (materia general) NEGOCIACIÓN COLECTIVA
650 ## - Materia general
Temática (materia general) RELACIONES INTERNAS
942 ## - Punto de acceso adicional KOHA
Tipo de ítem KOHA Libro
Fuente del sistema de clasificación o colocación Dewey Decimal Classification
Existencias
Signatura completa Código de barras Programa Académico Tipo de ítem
658.3 M741a11 16220   Libro
658.3 M741a11 16221   Libro